रौशनी का सफ़र / (Record no. 116343)
[ view plain ]
| 000 -LEADER | |
|---|---|
| fixed length control field | 01054nam a22002657a 4500 |
| 005 - DATE AND TIME OF LATEST TRANSACTION | |
| control field | 20170124103038.0 |
| 010 ## - LIBRARY OF CONGRESS CONTROL NUMBER | |
| LC control number | A-699494 |
| 020 ## - INTERNATIONAL STANDARD BOOK NUMBER | |
| Terms of availability | 125.00 |
| 035 ## - SYSTEM CONTROL NUMBER | |
| System control number | A-699494 |
| 037 ## - SOURCE OF ACQUISITION | |
| Source of stock number/acquisition | Cen Lib/Ret |
| 040 ## - CATALOGING SOURCE | |
| Original cataloging agency | DPL |
| Language of cataloging | HN |
| 082 ## - DEWEY DECIMAL CLASSIFICATION NUMBER | |
| Classification number | उ |
| Item number | सज्जाद |
| 100 ## - MAIN ENTRY--PERSONAL NAME | |
| Personal name | सज्जाद ज़हीर |
| 9 (RLIN) | 66042 |
| 245 ## - TITLE STATEMENT | |
| Title | रौशनी का सफ़र / |
| Statement of responsibility, etc | सज्जाद ज़हीर; संपादक नरेश नदीम |
| 246 ## - VARYING FORM OF TITLE | |
| Title proper/short title | Roshani ka safar / |
| Remainder of title | by Sajjad Zahir; sampadak Naresh Nadeem |
| 260 ## - PUBLICATION, DISTRIBUTION, ETC. (IMPRINT) | |
| Place of publication, distribution, etc | नयी दिल्ली |
| Name of publisher, distributor, etc | सारांश प्रकाशन |
| Date of publication, distribution, etc | 1994 |
| 270 ## - ADDRESS | |
| Address | 14, स्कूल लेन |
| City | नयी दिल्ली |
| Postal code | 110001 |
| 300 ## - PHYSICAL DESCRIPTION | |
| Extent | 183पृ. |
| Dimensions | 21सेमी (सजिल्द) |
| 650 ## - SUBJECT ADDED ENTRY--TOPICAL TERM | |
| Topical term or geographic name as entry element | उर्दू साहित्य |
| 9 (RLIN) | 66043 |
| 650 ## - SUBJECT ADDED ENTRY--TOPICAL TERM | |
| Topical term or geographic name as entry element | उपन्यास |
| 9 (RLIN) | 66044 |
| 650 ## - SUBJECT ADDED ENTRY--TOPICAL TERM | |
| Topical term or geographic name as entry element | Urdu literature |
| 9 (RLIN) | 66045 |
| 650 ## - SUBJECT ADDED ENTRY--TOPICAL TERM | |
| Topical term or geographic name as entry element | Fiction |
| 9 (RLIN) | 8901 |
| 700 ## - ADDED ENTRY--PERSONAL NAME | |
| Personal name | नदीम, नरेश |
| 9 (RLIN) | 66046 |
| 942 ## - ADDED ENTRY ELEMENTS (KOHA) | |
| Source of classification or shelving scheme | Dewey Decimal Classification |
| Koha item type | Hindi Books |
| Classification part | उ |
| Call number suffix | सज्जाद |
| Withdrawn status | Lost status | Damaged status | Not for loan | Home library | Current library | Date acquired | Source of acquisition | Cost, normal purchase price | Total Checkouts | Full call number | Barcode | Date last seen | Copy number | Cost, replacement price | Price effective from | Koha item type |
|---|---|---|---|---|---|---|---|---|---|---|---|---|---|---|---|---|
| Central Library | Central Library | 24/08/2015 | Cen Lib/Ret | 125.00 | उ सज्जाद | A-699494 | 24/08/2015 | 1 | 125.00 | 24/08/2015 | Hindi Books |
